| 000 | 00375 a2200157 4500 | ||
|---|---|---|---|
| 005 | 20250701102347.0 | ||
| 020 | _a0-201-42350-2 | ||
| 082 | _a657.0285 GEN | ||
| 100 | _aGENZER, E. | ||
| 245 | _aUsing Accpa Instructors Manual | ||
| 250 | _a3rd Ed. | ||
| 260 |
_aNew York, _bMicrosoft Press, _c1994. |
||
| 300 |
_a296p: _c28cm. |
||
| 700 | _aMcMURRAY, J. | ||
| 942 |
_2ddc _cBKS |
||
| 999 |
_c6506 _d6506 |
||